Statystyki dla QUIZ O DOLNYM ŚLĄSKU

Kliknij tutaj aby rozwiązać quiz!

Ogólne statystyki

  • Ten quiz został rozwiązany 40 razy
    (28 od ostatniego zresetowania)
  • Średni wynik to 5 z 12

Statystyki odpowiedzi

PODPOWIEDŹODPOWIEDŹ% Poprawnych
NAJDŁUŻSZA RZEKA NA DOLNYM ŚLĄSKUODRA
96%
NAZWA WROCŁAW PO NIEMIECKUBRESLAU
85%
NIEMIECKIE MIASTO PODZIELONE NA CZĘŚĆ POLSKĄ I NIEMIECKĄZGORZELEC
74%
DWORZEC OBSUGUJĄCY NAJWIĘCEJ PASAŻERÓW W POLSCEWROCŁAW GŁÓWNY
59%
NAJWIĘKSZA POWÓDŹ W POLSCEPOWÓDŹ TYSIĄCLECIA
44%
ILOŚĆ WYSP WE WROCŁAWIU14
41%
NAZWA STADIONU WE WROCŁAWIUTARCZYŃSKI ARENA
41%
DOLNO ŚLĄSKI OLIMPŚLĘŻĄ
37%
NAJLEPSZE LOTNISKO REGIONALNE W POLSCEWROCŁAW STRACHOWICE
19%
NAJWIĘKSZA KOPALNIA NA DOLNYM ŚLĄSKUKOPALNIA TURÓW
15%
NAJKRÓTSZY BIEG KOLEJOWY W POLSCEGORLITZ-ZGORZELEC
7%
NAJWIĘKSZE JEZIORO NA DOLNYM ŚLĄSKUŻELAZNY MOST
7%

Rozkład punktacji

Percentyl według liczby udzielonych odpowiedzi

Procent ludzi z każdym wynikiem

Twoja historia wyników

Nie rozwiązałeś tego quizu od ostatniego zresetowania